000 00654nam a2200205Ii 4500
003 JO-AjNU
008 230605s9999||||xx |||||||||||||| ||und||
040 _aJO-AjNU
_bara
_erda
_cJO-AjNU
041 _aara
050 1 4 _aPJ7850.U77.Z723 1984
100 3 _aمنصور، عز الدين,
_eauthor
_920540
245 0 0 _aنظرات في شعر مصطفى بن ذكري
250 _aط1
264 3 1 _aبيروت: مؤسسة المعارف، 1984
300 _a142ص
336 _atext
_btxt
_2rdacontent
337 _aunmediated
_bn
_2rdamedia
338 _avolume
_bnc
_2rdacarrier
650 4 _aالشعر العربي - مصطفى بن ذكري
_920541
999 _aA6979
_c10547
_d10547